Central Library || Chittagong University

Essentials of atmospheric and oceanic dynanics / (Record no. 112526)

MARC details
000 -LEADER
fixed length control field 00568nam a22001937a 4500
003 - CONTROL NUMBER IDENTIFIER
control field BD-ChCU
005 - DATE AND TIME OF LATEST TRANSACTION
control field 20260429145329.0
008 - FIXED-LENGTH DATA ELEMENTS--GENERAL INFORMATION
fixed length control field 260429b ny ||||| |||| 00| 0 eng d
020 ## - INTERNATIONAL STANDARD BOOK NUMBER
International Standard Book Number 9781107692794
040 ## - CATALOGING SOURCE
Transcribing agency BD-ChCU
082 ## - DEWEY DECIMAL CLASSIFICATION NUMBER
Edition number 23
Classification number 551.462 V175e
100 ## - MAIN ENTRY--PERSONAL NAME
Personal name Vallis, Geoffrey K.
9 (RLIN) 22101
245 ## - TITLE STATEMENT
Title Essentials of atmospheric and oceanic dynanics /
Statement of responsibility, etc. Geoffrey K Vallis.
260 ## - PUBLICATION, DISTRIBUTION, ETC.
Place of publication, distribution, etc. New York :
Name of publisher, distributor, etc. Cambridge University,
Date of publication, distribution, etc. 2018
300 ## - PHYSICAL DESCRIPTION
Extent 342 P. :
504 ## - BIBLIOGRAPHY, ETC. NOTE
Bibliography, etc. note Includes.
650 #0 - SUBJECT ADDED ENTRY--TOPICAL TERM
Topical term or geographic name entry element Ocean-circulation ; Ocean-circulation.
9 (RLIN) 22102
942 ## - ADDED ENTRY ELEMENTS (KOHA)
Source of classification or shelving scheme Dewey Decimal Classification
Koha item type Books
Suppress in OPAC No
Holdings
Withdrawn status Lost status Source of classification or shelving scheme Damaged status Not for loan Home library Current library Shelving location Date acquired Source of acquisition Total Checkouts Full call number Barcode Date last seen Copy number Price effective from Koha item type
    Dewey Decimal Classification     Chittagong University Library Chittagong University Library Science Reading Room 04/29/2026 purchase   551.462 V175e 343405 04/29/2026 C-1 04/29/2026 Books
    Dewey Decimal Classification     Chittagong University Library Chittagong University Library Science Reading Room 04/29/2026 purchase   551.462 V175e 343406 04/29/2026 C-2 04/29/2026 Books
© Copyright 2025. Chittagong University Library, Installation and Maintenance by Prof. Dr. Md. Alamgir, 01711306253